000 00264nam a2200109Ia 4500
008 240625s9999 xx 000 0 und d
041 _aeng
082 _a658.5 CHA
100 _aCHASE RICHARD B
245 _aOPERATIONS MANAGEMENT FOR COMPETITIVE AD
260 _c2008
999 _c34392
_d34392